International Business Strategy in Emerging Country Markets : The Institutional Network Approach. (Record no. 2229)

MARC details
005 - DATE AND TIME OF LATEST TRANSACTION
control field 20250509103246.0
020 ## - INTERNATIONAL STANDARD BOOK NUMBER
International Standard Book Number 978 1 84542 788 7
082 ## - DEWEY DECIMAL CLASSIFICATION NUMBER
Classification number 658.401 JAN
100 ## - MAIN ENTRY--PERSONAL NAME
Author name JANSSON, H.
245 ## - TITLE STATEMENT
Title International Business Strategy in Emerging Country Markets : The Institutional Network Approach.
260 ## - PUBLICATION, DISTRIBUTION, ETC.
Place of publication, distribution, etc. Cheltenham,
Name of publisher, distributor, etc. Edward Elgar,
Date of publication, distribution, etc. 2014.
300 ## - PHYSICAL DESCRIPTION
Extent Xxiii, 286p.: ill.; figure , table
Other physical details Bibliography & Index
Dimensions 23cm.
942 ## - ADDED ENTRY ELEMENTS (KOHA)
Source of classification or shelving scheme Dewey Decimal Classification
Koha item type Books
Holdings
Date last seen Total checkouts Full call number Barcode Cost, replacement price Price effective from Koha item type Lost status Source of classification or shelving scheme Damaged status Not for loan Withdrawn status Home library Current library Shelving location Date acquired Cost, normal purchase price
05/09/2025   658.401 JAN 0000008628 277200.00 05/09/2025 Books   Dewey Decimal Classification       College of Business Education Main Library College of Business Education Main Library General Collection 07/08/2016 92400.00
05/09/2025   658.401 JAN 0000008629 277200.00 05/09/2025 Books   Dewey Decimal Classification       College of Business Education Main Library College of Business Education Main Library General Collection 07/08/2016 92400.00
05/09/2025   658.401 JAN 0000008630 277200.00 05/09/2025 Books   Dewey Decimal Classification       College of Business Education Main Library College of Business Education Main Library General Collection 07/08/2016 92400.00